000 01546nam a2200349 a 4500
999 _c400377
_d400377
003 BLK
005 20250630124929.0
008 180408b bul|||||r ||||||| ||bul||
010 _aKNG00059619000
020 _a9789545294181
040 _aBLK
041 _aBUL
_cBUL
080 _aЧилийска литература
_b821.134.2(83)
_x-322.6
_z821.134.2(83)-322.6
080 _aНационални ястия
_b641.568
_x(83)(083.1)
_z641.568(83)(083.1)
100 1 _aАлиенде, Исабел
_eпърви автор
_930822
139 _aАлиенде, Исабел
_bА 54
245 1 0 _aАфродита
_bПриказки, рецепти и др. афродизиаци
_cИсабел Алиенде; прев. от исп. Катя Диманова; ил. Робърт Шектър; рецепти Панчита Льона.
257 _aBGR
260 _aСофия
_bКолибри
_c2020
_fСофия : Дедракс
300 _a400 с.
_bс ил.
_c20 см
380 _aX
500 _aОриг. загл. Afrodita / Isabel Allende.
653 _aготварски рецепти
700 1 _aДиманова, Катя Томова
_eпрев. от исп.
_gДиманова-Василева, Катя Томова
_9369177
700 1 _aШектър, Робърт
_eил.
_9286346
700 1 _aЛьона, Панчита
_eрецепти
_990135
856 4 _qpdf
856 4 _qpdf
942 _cKNG
_n0
_s1
_031
944 _aCR
_c29.05.2006
_k30531
_lЦветелина Шанова
999 _d400377